[Event "31. Abierto Ciudad de Sevilla"]
[Site "Sevilla ESP"]
[Date "2006.01.11"]
[Round "5.1"]
[White "Gomez Esteban, Juan Mario"]
[Black "Rizouk, Aimen"]
[Result "1-0"]
[WhiteElo "2490"]
[BlackElo "2500"]
[PlyCount "55"]
[EventDate "2006.01.07"]
[EventType "swiss"]
[EventRounds "9"]
[EventCountry "ESP"]
[Source "lmi"]
[SourceDate "2006.01.09"]

1. d4 Nf6 2. c4 e6 3. Nf3 b6 4. g3 Ba6 5. b3 Bb4+ 6. Bd2 Be7 7. Nc3 c6 8. e4 d5
9. Qc2 dxe4 10. Nxe4 Bb7 11. Neg5 Nbd7 12. Bh3 O-O 13. Ne5 Bd6 14. Nexf7 Rxf7
15. Bxe6 Qe7 16. O-O Raf8 17. Rae1 Qd8 18. Qf5 Bc7 19. Bf4 Bxf4 20. Qxf4 h6 21.
Nxf7 Rxf7 22. Qd6 Ne8 23. Bxf7+ Kxf7 24. Qe6+ Kf8 25. Re3 Ndf6 26. Rfe1 Qd6 27.
Qf5 Nc7 28. Qg6 1-0

[Event "31. Abierto Ciudad de Sevilla"]
[Site "Sevilla ESP"]
[Date "2006.01.11"]
[Round "5.2"]
[White "Movsziszian, Karen"]
[Black "Mirzoev, Azer"]
[Result "1-0"]
[WhiteElo "2486"]
[BlackElo "2498"]
[PlyCount "70"]
[EventDate "2006.01.07"]
[EventType "swiss"]
[EventRounds "9"]
[EventCountry "ESP"]
[Source "lmi"]
[SourceDate "2006.01.09"]

1. g3 Nf6 2. Bg2 d5 3. Nf3 g6 4. d4 Bg7 5. O-O O-O 6. c4 c6 7. Qb3 Qb6 8. Nc3
Na6 9. Qxb6 axb6 10. Na4 b5 11. Nb6 Ra7 12. cxb5 cxb5 13. Bg5 Be6 14. Bxf6 Bxf6
15. a4 Nc7 16. Ne5 bxa4 17. Rfc1 Nb5 18. e3 Rd8 19. Rxa4 Rd6 20. Rxa7 Nxa7 21.
Na4 Bxe5 22. dxe5 Rc6 23. Rxc6 Nxc6 24. f4 Nb4 25. Kf2 b5 26. Nc5 Nc6 27. Ke2
Kf8 28. Kd3 Bf5+ 29. Kc3 e6 30. b4 Be4 31. Bxe4 dxe4 32. Nxe4 Ne7 33. Nd6 Nd5+
34. Kd4 Nxb4 35. Kc5 Nd3+ 1-0

[Event "31. Abierto Ciudad de Sevilla"]
[Site "Sevilla ESP"]
[Date "2006.01.11"]
[Round "5.3"]
[White "Paunovic, Dragan"]
[Black "Korneev, Oleg"]
[Result "1/2-1/2"]
[WhiteElo "2475"]
[BlackElo "2649"]
[PlyCount "42"]
[EventDate "2006.01.07"]
[EventType "swiss"]
[EventRounds "9"]
[EventCountry "ESP"]
[Source "lmi"]
[SourceDate "2006.01.09"]

1. Nf3 d5 2. g3 c6 3. Bg2 Bg4 4. O-O Nd7 5. d4 e6 6. Nbd2 Ngf6 7. c3 Be7 8. Re1
O-O 9. e4 Bh5 10. Qb3 Qb6 11. exd5 cxd5 12. Ne5 Nxe5 13. Rxe5 Bg6 14. Re1 Rfc8
15. Qd1 a6 16. Nf3 Qd8 17. Ne5 b5 18. a3 a5 19. Bg5 Ra7 20. h4 Qb6 21. Bxf6
gxf6 1/2-1/2

[Event "31. Abierto Ciudad de Sevilla"]
[Site "Sevilla ESP"]
[Date "2006.01.11"]
[Round "5.4"]
[White "Hickl, Joerg"]
[Black "Fernandez Romero, Ernesto"]
[Result "1-0"]
[WhiteElo "2555"]
[BlackElo "2460"]
[PlyCount "127"]
[EventDate "2006.01.07"]
[EventType "swiss"]
[EventRounds "9"]
[EventCountry "ESP"]
[Source "lmi"]
[SourceDate "2006.01.09"]

1. g3 e5 2. Bg2 d5 3. d3 Nf6 4. Nf3 Bd6 5. Nc3 c6 6. e4 dxe4 7. dxe4 O-O 8. O-O
Na6 9. h3 Nc5 10. Qe2 b6 11. Rd1 Ba6 12. Qe1 Qe7 13. b3 Rfd8 14. Bb2 Bc7 15.
Ba3 Bd6 16. Qe3 Nb7 17. Bxd6 Rxd6 18. a4 Re8 19. Rxd6 Qxd6 20. Rd1 Qe7 21. Nh4
g6 22. Qg5 Nd7 23. Qxe7 Rxe7 24. f4 f6 25. Kf2 Nd8 26. fxe5 fxe5 27. Rd6 Bb7
28. Bf1 Nf7 29. Bc4 Kf8 30. Bxf7 Rxf7+ 31. Nf3 Ke7 32. Rd1 Rf6 33. Ke3 Rd6 34.
Rf1 Ba6 35. Rd1 Bc8 36. a5 b5 37. b4 h6 38. Rh1 Re6 39. Ne1 Nf6 40. Nd3 Ne8 41.
Nb1 Nd6 42. Nd2 Nc4+ 43. Nxc4 bxc4 44. Nb2 c5 45. bxc5 Rc6 46. Na4 Ra6 47. Nc3
Rxa5 48. Nd5+ Kd8 49. Rf1 Rxc5 50. Rf8+ Kd7 51. Rf7+ Kc6 52. Rxa7 Bb7 53. Ne7+
Kb6 54. Ra1 Rc7 55. Nxg6 Rg7 56. Nxe5 Rxg3+ 57. Kd4 Rxh3 58. Nxc4+ Kc7 59. Rg1
Rh2 60. Rg7+ Kb8 61. c3 h5 62. Nd6 Ba6 63. e5 Re2 64. Rh7 1-0

[Event "31. Abierto Ciudad de Sevilla"]
[Site "Sevilla ESP"]
[Date "2006.01.11"]
[Round "5.6"]
[White "Dizdar, Goran"]
[Black "Teran Alvarez, Ismael"]
[Result "1-0"]
[WhiteElo "2531"]
[BlackElo "2446"]
[PlyCount "159"]
[EventDate "2006.01.07"]
[EventType "swiss"]
[EventRounds "9"]
[EventCountry "ESP"]
[Source "lmi"]
[SourceDate "2006.01.09"]

1. d4 Nf6 2. Nf3 g6 3. c4 Bg7 4. g3 O-O 5. Bg2 d6 6. Nc3 Nc6 7. O-O Bg4 8. d5
Na5 9. Nd2 c5 10. Qc2 a6 11. Re1 e5 12. e4 Qd7 13. b3 Bh3 14. Bh1 Nh5 15. Nf3
h6 16. Bd2 b5 17. Nd1 Nb7 18. Nh4 Bf6 19. Ng2 Bg5 20. Qc1 Bxd2 21. Qxd2 Kh7 22.
Nh4 bxc4 23. bxc4 Qa4 24. Ne3 Na5 25. Qd3 Rab8 26. Bf3 Nf6 27. Bd1 Qb4 28. Bc2
Qb2 29. Reb1 Qd4 30. Nf3 Qxd3 31. Bxd3 Nd7 32. Nd2 Rxb1+ 33. Rxb1 Rb8 34. Rxb8
Nxb8 35. g4 h5 36. f3 Nd7 37. Kf2 h4 38. Nb1 Nf6 39. Nc3 Kg7 40. Bc2 Kf8 41.
Ba4 Ke7 42. Bd1 Nh7 43. Na4 Kd8 44. Be2 Kc7 45. Nb2 Ng5 46. Ke1 Nb7 47. Kd2 Kb6
48. Kc3 Nd8 49. Nd3 f6 50. Nf2 Ndf7 51. Bd1 Nh6 52. Be2 Nhf7 53. Nfd1 Ka5 54.
Kb3 Nh6 55. Nf2 Nhf7 56. Bd1 Nh6 57. Ka3 Ng8 58. Kb2 Ne7 59. Kb3 Ng8 60. Be2
Nh6 61. Ka3 Ng8 62. Nfd1 Nh6 63. Nf2 Ng8 64. Nd3 Nh6 65. Nb2 Kb6 66. Nd3 Ka5
67. Kb3 f5 68. gxf5 gxf5 69. Nf2 f4 70. Nxh3 Nxh3 71. Nf5 Nxf5 72. exf5 Kb6 73.
f6 Ng5 74. Ka4 Kc7 75. Ka5 Kd8 76. Kxa6 e4 77. fxe4 f3 78. Bd3 f2 79. Kb7 h3
80. a4 1-0

[Event "31. Abierto Ciudad de Sevilla"]
[Site "Sevilla ESP"]
[Date "2006.01.11"]
[Round "5.8"]
[White "Hoffman, Alejandro"]
[Black "Perez Candelario, Manuel"]
[Result "1/2-1/2"]
[WhiteElo "2461"]
[BlackElo "2511"]
[PlyCount "24"]
[EventDate "2006.01.07"]
[EventType "swiss"]
[EventRounds "9"]
[EventCountry "ESP"]
[Source "lmi"]
[SourceDate "2006.01.09"]

1. d4 d5 2. c4 e6 3. Nf3 Nf6 4. Nc3 dxc4 5. e3 c5 6. Bxc4 a6 7. a4 cxd4 8. exd4
Be7 9. O-O O-O 10. Qe2 Nc6 11. Rd1 Nb4 12. Bg5 Nfd5 1/2-1/2

[Event "31. Abierto Ciudad de Sevilla"]
[Site "Sevilla ESP"]
[Date "2006.01.11"]
[Round "5.9"]
[White "Matamoros Franco, Carlos S"]
[Black "Alonso, Rene"]
[Result "1-0"]
[WhiteElo "2510"]
[BlackElo "2392"]
[PlyCount "79"]
[EventDate "2006.01.07"]
[EventType "swiss"]
[EventRounds "9"]
[EventCountry "ESP"]
[Source "lmi"]
[SourceDate "2006.01.09"]

1. c4 Nf6 2. g3 g6 3. Bg2 Bg7 4. Nc3 O-O 5. d4 d6 6. Nf3 c6 7. O-O Qa5 8. e4
Bg4 9. h3 Bxf3 10. Bxf3 e5 11. d5 cxd5 12. cxd5 Nbd7 13. Qe2 Ne8 14. h4 f5 15.
h5 Nc5 16. Bg2 Qa6 17. Qd1 Qd3 18. Be3 Rc8 19. Bh3 a6 20. Rc1 Rc7 21. h6 Qxd1
22. Rfxd1 Bh8 23. b4 Nd7 24. exf5 gxf5 25. Ne4 fxe4 26. Rxc7 Nxc7 27. Bxd7 Bf6
28. Rc1 Bd8 29. Bb6 Rf7 30. Bxc7 Rxd7 31. Bxd8 Rxd8 32. Rc7 Rb8 33. Rg7+ Kh8
34. Rd7 Kg8 35. Rxd6 Kf7 36. Rb6 Ke7 37. Re6+ Kf7 38. Rxe5 Rd8 39. Rxe4 Rxd5
40. Rg4 1-0

[Event "31. Abierto Ciudad de Sevilla"]
[Site "Sevilla ESP"]
[Date "2006.01.11"]
[Round "5.10"]
[White "Khamrakulov, Ibragim S"]
[Black "Sanz Alonso, Francisco Javier"]
[Result "1/2-1/2"]
[WhiteElo "2499"]
[BlackElo "2385"]
[PlyCount "117"]
[EventDate "2006.01.07"]
[EventType "swiss"]
[EventRounds "9"]
[EventCountry "ESP"]
[Source "lmi"]
[SourceDate "2006.01.09"]

1. e4 e5 2. Nf3 Nc6 3. d4 exd4 4. Nxd4 Bc5 5. Nb3 Bb4+ 6. c3 Be7 7. Bf4 d6 8.
N1d2 Nf6 9. Be2 O-O 10. O-O Re8 11. Nd4 Bf8 12. Qc2 d5 13. Nb5 Ne5 14. Bg5 Be7
15. exd5 Nxd5 16. Bxe7 Qxe7 17. Rfe1 c6 18. Nd4 Qf6 19. Bd3 h6 20. Ne4 Qd8 21.
Bf1 Bg4 22. Ng3 Qc7 23. c4 Nf4 24. Re4 Neg6 25. Rae1 Rxe4 26. Rxe4 Rd8 27. h3
Bc8 28. c5 Ne7 29. Bc4 Ned5 30. Bxd5 Nxd5 31. Ngf5 Bxf5 32. Nxf5 Nf6 33. Re7
Rd7 34. Re2 Qf4 35. g3 Qb4 36. a3 Qa5 37. Kh2 Qd8 38. b4 a5 39. Qc4 axb4 40.
axb4 Rd2 41. Nd6 Rxe2 42. Qxe2 b6 43. Qa2 Qd7 44. Qa8+ Kh7 45. Qf8 bxc5 46.
Nxf7 Qd4 47. Qxc5 Qxc5 48. bxc5 Ne4 49. Kg2 Nxc5 50. Ne5 Ne6 51. Nxc6 Kg6 52.
g4 h5 53. Kg3 hxg4 54. hxg4 Kf6 55. f4 g5 56. f5 Ng7 57. Nd4 Ke5 58. Nf3+ Kf6
59. Nxg5 1/2-1/2

[Event "31. Abierto Ciudad de Sevilla"]
[Site "Sevilla ESP"]
[Date "2006.01.11"]
[Round "5.12"]
[White "Spraggett, Kevin"]
[Black "Enjuto Velasco, Roberto"]
[Result "1-0"]
[WhiteElo "2581"]
[BlackElo "2196"]
[PlyCount "55"]
[EventDate "2006.01.07"]
[EventType "swiss"]
[EventRounds "9"]
[EventCountry "ESP"]
[Source "lmi"]
[SourceDate "2006.01.09"]

1. e4 c5 2. Nf3 d6 3. d4 cxd4 4. Nxd4 Nf6 5. Nc3 a6 6. Bg5 e6 7. f4 Qb6 8. Qd2
Qxb2 9. Nb3 Nc6 10. Bxf6 gxf6 11. Na4 Qa3 12. Nb6 Rb8 13. Nc4 Qa4 14. a3 b5 15.
Nxd6+ Bxd6 16. Qxd6 Qxe4+ 17. Be2 Bb7 18. Nc5 Qd4 19. Rd1 Qc3+ 20. Kf2 Rd8 21.
Nd7 Bc8 22. Rd3 Rxd7 23. Qxd7+ Bxd7 24. Rxc3 Ke7 25. Rd1 f5 26. Bf3 Rc8 27.
Bxc6 Rxc6 28. Rdd3 1-0

[Event "31. Abierto Ciudad de Sevilla"]
[Site "Sevilla ESP"]
[Date "2006.01.11"]
[Round "5.13"]
[White "Lopez Martinez, Josep Manuel"]
[Black "Perez Garcia, Roberto"]
[Result "1-0"]
[WhiteElo "2518"]
[BlackElo "2180"]
[PlyCount "49"]
[EventDate "2006.01.07"]
[EventType "swiss"]
[EventRounds "9"]
[EventCountry "ESP"]
[Source "lmi"]
[SourceDate "2006.01.09"]

1. e4 c5 2. Nf3 Nc6 3. d4 cxd4 4. Nxd4 e5 5. Nb5 d6 6. N1c3 a6 7. Na3 b5 8. Nd5
Nce7 9. c4 Nxd5 10. exd5 bxc4 11. Nxc4 Be7 12. Be3 Rb8 13. Be2 f5 14. Qa4+ Kf7
15. Na5 Nf6 16. Nc6 Qd7 17. b3 Ra8 18. O-O Bb7 19. Bg5 Qe8 20. Rac1 h6 21. Bxf6
Kxf6 22. f4 g6 23. fxe5+ dxe5 24. Qh4+ g5 25. Qe4 1-0

[Event "31. Abierto Ciudad de Sevilla"]
[Site "Sevilla ESP"]
[Date "2006.01.11"]
[Round "5.14"]
[White "Pogorelov, Ruslan"]
[Black "Andres Flores, Antonio"]
[Result "1-0"]
[WhiteElo "2402"]
[BlackElo "2145"]
[PlyCount "65"]
[EventDate "2006.01.07"]
[EventType "swiss"]
[EventRounds "9"]
[EventCountry "ESP"]
[Source "lmi"]
[SourceDate "2006.01.09"]

1. Nf3 d6 2. d4 g6 3. c4 f5 4. Nc3 Nf6 5. g3 Bg7 6. Bg2 O-O 7. O-O Qe8 8. Nd5
Na6 9. Nxf6+ Rxf6 10. e4 fxe4 11. Ng5 c6 12. Nxe4 Rf8 13. Be3 Bf5 14. Qd2 Bxe4
15. Bxe4 e5 16. d5 c5 17. a3 Qc8 18. Kg2 Nc7 19. b4 b6 20. Qd3 Ne8 21. Rab1 Nf6
22. f3 Kh8 23. Rb3 Ng8 24. bxc5 bxc5 25. Rfb1 Rf7 26. h4 Nh6 27. Bxh6 Bxh6 28.
Bxg6 hxg6 29. Qxg6 Qf8 30. Rb7 Rxb7 31. Rxb7 Bg7 32. Rf7 Qg8 33. Rf5 1-0

[Event "31. Abierto Ciudad de Sevilla"]
[Site "Sevilla ESP"]
[Date "2006.01.11"]
[Round "5.15"]
[White "Vehi Bach, Victor Manuel"]
[Black "Carrabeo Garcia, Manuel"]
[Result "1/2-1/2"]
[WhiteElo "2385"]
[BlackElo "2135"]
[PlyCount "62"]
[EventDate "2006.01.07"]
[EventType "swiss"]
[EventRounds "9"]
[EventCountry "ESP"]
[Source "lmi"]
[SourceDate "2006.01.09"]

1. e4 e6 2. d4 d5 3. Nc3 Nf6 4. Bg5 Be7 5. e5 Ne4 6. Bxe7 Qxe7 7. Nxe4 dxe4 8.
Qd2 O-O 9. O-O-O c5 10. Qe3 Nc6 11. Qxe4 cxd4 12. Nf3 Bd7 13. Nxd4 Nxd4 14.
Qxd4 Bc6 15. Qe3 Bd5 16. Kb1 Rfd8 17. Bd3 Bxg2 18. Rhg1 Bc6 19. Qh6 g6 20. h4
Rd4 21. h5 Qh4 22. Qe3 Rad8 23. hxg6 hxg6 24. Rde1 Kg7 25. a3 Qf4 26. Kc1 Qxe3+
27. Rxe3 Rf4 28. Re2 Bf3 29. Re3 Bc6 30. Re2 Bf3 31. Re3 Bc6 1/2-1/2

[Event "31. Abierto Ciudad de Sevilla"]
[Site "Sevilla ESP"]
[Date "2006.01.11"]
[Round "5.16"]
[White "Mellado Triviño, Juan"]
[Black "Padilla Gonzalez, Jesus"]
[Result "1-0"]
[WhiteElo "2382"]
[BlackElo "2122"]
[PlyCount "55"]
[EventDate "2006.01.07"]
[EventType "swiss"]
[EventRounds "9"]
[EventCountry "ESP"]
[Source "lmi"]
[SourceDate "2006.01.09"]

1. e4 c5 2. c3 Nf6 3. e5 Nd5 4. d4 cxd4 5. Nf3 d6 6. Qxd4 e6 7. Bc4 Nc6 8. Qe4
dxe5 9. Nxe5 Be7 10. Nd2 Nxe5 11. Qxe5 O-O 12. O-O Nf6 13. Nf3 b6 14. Bf4 Bb7
15. Qe2 Nd5 16. Bg3 Bd6 17. Rad1 Bxg3 18. hxg3 Qc7 19. Rd4 Nf6 20. Ne5 Bd5 21.
Ng4 Bxc4 22. Nxf6+ gxf6 23. Rxc4 Qe7 24. Qh5 f5 25. g4 fxg4 26. Rxg4+ Kh8 27.
Re1 Qf6 28. Re3 1-0

[Event "31. Abierto Ciudad de Sevilla"]
[Site "Sevilla ESP"]
[Date "2006.01.11"]
[Round "5.17"]
[White "Viñas Guerrero, Carlos A"]
[Black "Speck, Nick"]
[Result "0-1"]
[WhiteElo "2160"]
[BlackElo "2371"]
[PlyCount "54"]
[EventDate "2006.01.07"]
[EventType "swiss"]
[EventRounds "9"]
[EventCountry "ESP"]
[Source "lmi"]
[SourceDate "2006.01.09"]

1. e4 g6 2. d4 Bg7 3. Nc3 d6 4. Nf3 a6 5. a4 b6 6. Bc4 e6 7. O-O Ne7 8. Bg5 h6
9. Be3 Bb7 10. Qd2 Nd7 11. Rad1 g5 12. Ne1 Ng6 13. g3 Qe7 14. f4 gxf4 15. gxf4
Rg8 16. Kh1 f5 17. Qg2 Nh4 18. Qh3 Nc5 19. dxc5 Bxc3 20. bxc3 Bxe4+ 21. Nf3
Nxf3 22. Rxf3 Qh4 23. Qf1 Rg3 24. Be2 Qh5 25. cxd6 Rxf3 26. d7+ Ke7 27. Qg2
Rf1+ 0-1

[Event "31. Abierto Ciudad de Sevilla"]
[Site "Sevilla ESP"]
[Date "2006.01.11"]
[Round "5.19"]
[White "Flores Chico, Jorge"]
[Black "Lanzani, Mario"]
[Result "0-1"]
[WhiteElo "2136"]
[BlackElo "2356"]
[PlyCount "76"]
[EventDate "2006.01.07"]
[EventType "swiss"]
[EventRounds "9"]
[EventCountry "ESP"]
[Source "lmi"]
[SourceDate "2006.01.09"]

1. e4 e5 2. f4 d5 3. exd5 exf4 4. Bb5+ c6 5. Qe2+ Be7 6. dxc6 bxc6 7. Bc4 Nf6
8. Nf3 O-O 9. O-O Bc5+ 10. d4 Bxd4+ 11. Kh1 Bg4 12. c3 Bb6 13. Bxf4 Nd5 14. Qd2
Be6 15. Na3 Nd7 16. Nc2 N7f6 17. Bg5 Qc7 18. Rae1 Rae8 19. Bd3 Nd7 20. c4 Ne7
21. Bf4 Qc8 22. Ng5 g6 23. Nxe6 fxe6 24. Bh6 Rxf1+ 25. Rxf1 Nf5 26. Bf4 Nc5 27.
b4 Nxd3 28. Qxd3 e5 29. Be3 e4 30. Qc3 Qe6 31. c5 Bc7 32. a4 Rd8 33. g4 Nxe3
34. Nxe3 Rd3 35. Qc1 Qe5 36. Qc4+ Kh8 37. Rf8+ Kg7 38. Nf5+ Kxf8 0-1

[Event "31. Abierto Ciudad de Sevilla"]
[Site "Sevilla ESP"]
[Date "2006.01.11"]
[Round "5.20"]
[White "Garcia Luque, Agustin"]
[Black "Troncoso Gutierrez, Adrian"]
[Result "1-0"]
[WhiteElo "2355"]
[BlackElo "2107"]
[PlyCount "49"]
[EventDate "2006.01.07"]
[EventType "swiss"]
[EventRounds "9"]
[EventCountry "ESP"]
[Source "lmi"]
[SourceDate "2006.01.09"]

1. e4 c5 2. Nf3 d6 3. Bb5+ Bd7 4. Bxd7+ Qxd7 5. c4 Nc6 6. Nc3 g6 7. d3 Bg7 8.
O-O e6 9. Bg5 Nge7 10. Qc1 O-O 11. Bh6 a6 12. a3 Rab8 13. b4 b5 14. cxb5 axb5
15. Bxg7 Kxg7 16. Ne2 cxb4 17. axb4 d5 18. Ng3 Rfc8 19. h4 Qd6 20. Ra6 Qxb4 21.
exd5 exd5 22. Re1 Ra8 23. Qa1+ Nd4 24. Nxd4 Rxa6 25. Ndf5+ 1-0

[Event "31. Abierto Ciudad de Sevilla"]
[Site "Sevilla ESP"]
[Date "2006.01.11"]
[Round "5.21"]
[White "Razmyslov, Alexander"]
[Black "Hermosin Bustos, Manuel"]
[Result "1-0"]
[WhiteElo "2329"]
[BlackElo "2104"]
[PlyCount "50"]
[EventDate "2006.01.07"]
[EventType "swiss"]
[EventRounds "9"]
[EventCountry "ESP"]
[Source "lmi"]
[SourceDate "2006.01.09"]

1. d4 Nf6 2. c4 e6 3. Nf3 b6 4. a3 Bb7 5. Nc3 d5 6. cxd5 Nxd5 7. Bd2 Be7 8. Qc2
Nxc3 9. Bxc3 O-O 10. e4 c5 11. dxc5 Bxc5 12. Rd1 Qc7 13. Bd3 Nd7 14. b4 Be7 15.
O-O Rac8 16. Rc1 Qf4 17. Qa4 Rfd8 18. Qxa7 Bc6 19. Be5 Nxe5 20. Nxe5 Bd6 21.
Nf3 g5 22. Qxb6 g4 23. Rxc6 gxf3 24. g3 Qh6 25. Rxc8 Qh3 1-0

[Event "31. Abierto Ciudad de Sevilla"]
[Site "Sevilla ESP"]
[Date "2006.01.11"]
[Round "5.22"]
[White "Recuero Guerra, David"]
[Black "Morales Araujo, Francisco J"]
[Result "1-0"]
[WhiteElo "2315"]
[BlackElo "2102"]
[PlyCount "57"]
[EventDate "2006.01.07"]
[EventType "swiss"]
[EventRounds "9"]
[EventCountry "ESP"]
[Source "lmi"]
[SourceDate "2006.01.09"]

1. e4 c5 2. Nf3 Nc6 3. Nc3 d6 4. d4 cxd4 5. Nxd4 a6 6. Be2 e5 7. Nb3 Nf6 8. O-O
Be7 9. Kh1 O-O 10. f4 exf4 11. Bxf4 Be6 12. Qe1 Ne5 13. Rd1 Qc7 14. Nd4 Ng6 15.
Bg3 b5 16. a3 Rad8 17. Nf5 Bxf5 18. Rxf5 Qc8 19. Qf1 Qe6 20. Rd4 Rfe8 21. a4 b4
22. Bc4 bxc3 23. Bxe6 fxe6 24. Rf3 cxb2 25. Rb3 Ng4 26. h3 Bf6 27. Rxd6 N4e5
28. Rxd8 Rxd8 29. Rxb2 1-0

[Event "31. Abierto Ciudad de Sevilla"]
[Site "Sevilla ESP"]
[Date "2006.01.12"]
[Round "6.1"]
[White "Movsziszian, Karen"]
[Black "Gomez Esteban, Juan Mario"]
[Result "0-1"]
[WhiteElo "2486"]
[BlackElo "2490"]
[PlyCount "116"]
[EventDate "2006.01.07"]
[EventType "swiss"]
[EventRounds "9"]
[EventCountry "ESP"]
[Source "lmi"]
[SourceDate "2006.01.09"]

1. Nf3 d5 2. c4 d4 3. b4 f6 4. d3 e5 5. a3 c5 6. g3 cxb4 7. Bg2 Nc6 8. O-O Bc5
9. Nbd2 Nge7 10. Ne4 b6 11. axb4 Bxb4 12. Ba3 Bxa3 13. Rxa3 O-O 14. Qc2 Be6 15.
Rb1 Rc8 16. Qa4 Rc7 17. Ne1 Na5 18. Nc2 Bg4 19. e3 dxe3 20. Nxe3 Bd7 21. Qb4
Nac6 22. Qb2 Be6 23. Nc3 Nd4 24. Rba1 Nec6 25. Ncd5 Rd7 26. f4 exf4 27. Nxf4
Bf7 28. Nfd5 Re8 29. Rf1 h6 30. Ra2 Bg6 31. Qc3 Rd6 32. Kh1 Rde6 33. Nf4 Rxe3
34. Nxg6 Qd6 35. Bd5+ Kh7 36. Nf4 f5 37. Rg2 Qb4 38. Qxb4 Nxb4 39. Bf7 R8e5 40.
Bg6+ Kg8 41. g4 Rf3 42. Rxf3 Re1+ 43. Rg1 Rxg1+ 44. Kxg1 Nxf3+ 45. Kf2 fxg4 46.
Kg3 Ne5 47. Bf5 g5 48. Nd5 Nxd5 49. cxd5 h5 50. d6 Kf7 51. d4 Nc6 52. d5 Ne5
53. Kf2 a5 54. Bc2 b5 55. Ke3 Nc4+ 56. Kd4 Nxd6 57. Kc5 Ke7 58. Bd1 a4 0-1

[Event "31. Abierto Ciudad de Sevilla"]
[Site "Sevilla ESP"]
[Date "2006.01.12"]
[Round "6.3"]
[White "Dizdar, Goran"]
[Black "Kononenko, Tatiana"]
[Result "1/2-1/2"]
[WhiteElo "2531"]
[BlackElo "2417"]
[PlyCount "93"]
[EventDate "2006.01.07"]
[EventType "swiss"]
[EventRounds "9"]
[EventCountry "ESP"]
[Source "lmi"]
[SourceDate "2006.01.09"]

1. Nf3 d5 2. g3 c6 3. Bg2 Bg4 4. c4 e6 5. O-O Nd7 6. cxd5 exd5 7. d3 Ngf6 8.
Nc3 Be7 9. h3 Bxf3 10. Bxf3 d4 11. Ne4 Nxe4 12. Bxe4 a5 13. Bd2 O-O 14. Qc2 Qb6
15. Bf3 Bd6 16. Rab1 Rfe8 17. a3 a4 18. b4 axb3 19. Qxb3 Qxb3 20. Rxb3 Nc5 21.
Rbb1 Rxa3 22. Bb4 Ra6 23. Bxc5 Bxc5 24. Rxb7 Bf8 25. Rd7 c5 26. Rb1 Rae6 27.
Rc7 Bd6 28. Rd7 Bf8 29. Rc7 Bd6 30. Ra7 Bf8 31. Kf1 g6 32. Bg4 R6e7 33. Bd7 Rd8
34. Rbb7 Bg7 35. Bb5 Rxb7 36. Rxb7 f5 37. Bc4+ Kh8 38. f4 Bf8 39. Kf2 Re8 40.
Rf7 Bd6 41. Rd7 Bf8 42. Rf7 Bd6 43. Rf6 Bf8 44. g4 Be7 45. Rc6 Bh4+ 46. Kf1
fxg4 47. hxg4 1/2-1/2

[Event "31. Abierto Ciudad de Sevilla"]
[Site "Sevilla ESP"]
[Date "2006.01.12"]
[Round "6.5"]
[White "Mellado Triviño, Juan"]
[Black "Spraggett, Kevin"]
[Result "0-1"]
[WhiteElo "2382"]
[BlackElo "2581"]
[PlyCount "120"]
[EventDate "2006.01.07"]
[EventType "swiss"]
[EventRounds "9"]
[EventCountry "ESP"]
[Source "lmi"]
[SourceDate "2006.01.09"]

1. e4 c5 2. c3 d5 3. exd5 Qxd5 4. d4 g6 5. Na3 cxd4 6. Nb5 Na6 7. Be3 Bg7 8.
Qa4 Bd7 9. Qxa6 dxe3 10. Nc7+ Kd8 11. Nxd5 exf2+ 12. Kxf2 bxa6 13. Bxa6 Nf6 14.
Nxf6 Bxf6 15. Rd1 Rb8 16. Rd2 Kc7 17. Bc4 e5 18. Nf3 e4 19. Rhd1 Rhd8 20. Nd4
Bg5 21. Rc2 Rb6 22. h3 f5 23. Re2 h5 24. a4 Rd6 25. Ra1 a6 26. Nc2 Bc8 27. a5
Bb7 28. Nd4 Bc8 29. Ra4 h4 30. Bf7 Bf6 31. Rc4+ Kb7 32. Bxg6 Be5 33. Bf7 Rf6
34. Rb4+ Ka7 35. Bb3 Bb7 36. Kg1 Bc7 37. Ra4 Re8 38. Kf1 Re5 39. Bc2 Rxa5 40.
Rxa5 Bxa5 41. Rf2 f4 42. Re2 e3 43. Nf5 Bd5 44. Bd3 Bb3 45. Re1 Bd8 46. Ke2 Bd5
47. Rf1 Rb6 48. b4 Bg5 49. Nxh4 Bxh4 50. Rxf4 Bf2 51. Rg4 Rf6 52. Rg7+ Kb8 53.
c4 Bf7 54. g4 Rf4 55. c5 Bd5 56. g5 Bf3+ 57. Kf1 Rxb4 58. g6 Ra4 59. Rg8+ Kc7
60. Rg7+ Kc6 0-1

[Event "31. Abierto Ciudad de Sevilla"]
[Site "Sevilla ESP"]
[Date "2006.01.12"]
[Round "6.6"]
[White "Campora Sivori, Daniel"]
[Black "Garcia Luque, Agustin"]
[Result "1/2-1/2"]
[WhiteElo "2541"]
[BlackElo "2355"]
[PlyCount "66"]
[EventDate "2006.01.07"]
[EventType "swiss"]
[EventRounds "9"]
[EventCountry "ESP"]
[Source "lmi"]
[SourceDate "2006.01.09"]

1. e4 Nc6 2. d4 e5 3. Nf3 exd4 4. Nxd4 Nf6 5. Nxc6 bxc6 6. Bd3 d5 7. exd5 cxd5
8. O-O c6 9. c4 Bd6 10. Re1+ Be6 11. cxd5 cxd5 12. Qa4+ Nd7 13. Bf4 Be7 14. Nc3
O-O 15. Qc2 h6 16. Rad1 Rc8 17. Ba6 Rc6 18. Bb5 Rc8 19. Bxh6 Nf6 20. Be3 Ng4
21. Bd4 Rxc3 22. bxc3 Qb8 23. Qd3 Qxh2+ 24. Kf1 Qh5 25. Rxe6 fxe6 26. Bd7 Nxf2
27. Bxe6+ Kh8 28. Bxf2 Bc5 29. Qh3 Rxf2+ 30. Ke1 Re2+ 31. Kf1 Rf2+ 32. Ke1 Re2+
33. Kf1 Rf2+ 1/2-1/2

[Event "31. Abierto Ciudad de Sevilla"]
[Site "Sevilla ESP"]
[Date "2006.01.12"]
[Round "6.7"]
[White "Speck, Nick"]
[Black "Lopez Martinez, Josep Manuel"]
[Result "1-0"]
[WhiteElo "2371"]
[BlackElo "2518"]
[PlyCount "53"]
[EventDate "2006.01.07"]
[EventType "swiss"]
[EventRounds "9"]
[EventCountry "ESP"]
[Source "lmi"]
[SourceDate "2006.01.09"]

1. e4 e6 2. d4 d5 3. e5 c5 4. c3 Nc6 5. Nf3 Bd7 6. a3 c4 7. Nbd2 Be7 8. g3 b5
9. h4 h5 10. Bh3 Nh6 11. Nf1 g6 12. Bg5 Kf8 13. Ne3 Kg7 14. O-O a5 15. Ng2 b4
16. axb4 axb4 17. Nf4 Rxa1 18. Qxa1 bxc3 19. bxc3 Bxg5 20. Nxg5 Qc8 21. Rb1 Ng8
22. Rb6 Nge7 23. Qb1 Qa8 24. Rb7 Bc8 25. Ngxe6+ Kg8 26. Nxd5 Bxe6 27. Nxe7+ 1-0

[Event "31. Abierto Ciudad de Sevilla"]
[Site "Sevilla ESP"]
[Date "2006.01.12"]
[Round "6.8"]
[White "Perez Candelario, Manuel"]
[Black "Razmyslov, Alexander"]
[Result "1-0"]
[WhiteElo "2511"]
[BlackElo "2329"]
[PlyCount "51"]
[EventDate "2006.01.07"]
[EventType "swiss"]
[EventRounds "9"]
[EventCountry "ESP"]
[Source "lmi"]
[SourceDate "2006.01.09"]

1. e4 c5 2. Nc3 a6 3. Nf3 e6 4. d4 cxd4 5. Nxd4 Bc5 6. Nb3 Ba7 7. Bf4 Nc6 8.
Qd2 Nge7 9. O-O-O O-O 10. Bd6 b5 11. f4 f5 12. Bd3 fxe4 13. Bxe4 Nf5 14. Bc5
Qe8 15. Bxc6 dxc6 16. Rhe1 Bxc5 17. Nxc5 Qg6 18. g3 Ra7 19. Re5 Raf7 20. N3e4
h6 21. Qe2 Rc7 22. Nd6 Rf6 23. Nxc8 Rxc8 24. Nd7 Re8 25. Nxf6+ Qxf6 26. Qe4 1-0

[Event "31. Abierto Ciudad de Sevilla"]
[Site "Sevilla ESP"]
[Date "2006.01.12"]
[Round "6.9"]
[White "Rizouk, Aimen"]
[Black "Recuero Guerra, David"]
[Result "0-1"]
[WhiteElo "2500"]
[BlackElo "2315"]
[PlyCount "54"]
[EventDate "2006.01.07"]
[EventType "swiss"]
[EventRounds "9"]
[EventCountry "ESP"]
[Source "lmi"]
[SourceDate "2006.01.09"]

1. e4 e5 2. Nf3 Nc6 3. Bc4 Nf6 4. d3 Be7 5. O-O O-O 6. Re1 d6 7. a4 h6 8. c3
Nh7 9. a5 a6 10. Nbd2 Kh8 11. d4 exd4 12. cxd4 Ng5 13. Nxg5 Bxg5 14. Nb3 Bxc1
15. Rxc1 Qg5 16. Rc3 f5 17. e5 f4 18. e6 d5 19. Bf1 Qf6 20. Rxc6 bxc6 21. Nc5
Re8 22. Qd2 Bxe6 23. Bxa6 f3 24. g3 Bh3 25. Re3 Rxe3 26. fxe3 Rxa6 27. Nxa6 Qf5
0-1